| 000 | 01358nam a2200337 c 4500 | ||
|---|---|---|---|
| 003 | BLK | ||
| 005 | 20230221112536.0 | ||
| 008 | 180408b bul|||||r ||||||| ||bul|| | ||
| 010 | _aKNG00080468000 | ||
| 020 |
_a954-361-004-5 _bиздат.: Ирина Галчовска-Гея-11 |
||
| 040 | _aBLK | ||
| 041 |
_aBUL _cBUL |
||
| 080 |
_aНемска литература _b821.112.2 _x-311.6 _z821.112.2-311.6 |
||
| 100 | 1 |
_aДан, Феликс _eпърви автор _9291603 |
|
| 700 | 1 |
_aПетров, Мариян _eпрев. _9370915 |
|
| 139 |
_aДан, Феликс _bД 16 |
||
| 245 | 1 | 0 |
_aАтила _cФеликс Дан; прев. Мариян Петров. |
| 257 | _aDEU | ||
| 260 |
_аСофия _bИрина Галчовска-Гея-11 _c2006 _fСофия : Мултипринт |
||
| 300 |
_a187 с. _c20 см |
||
| 380 | _aX | ||
| 490 | 1 | _aБиблиотека Посоки | |
| 490 | 1 |
_3Подсерия _aПоредица Исторически романи |
|
| 500 | _aОриг. загл. Atila / Felix Dahn. - На загл. с. местоизд. означено София. - Офс. изд. - Съдържа и Речник. | ||
| 653 | _aисторически романи | ||
| 852 | _aЦб 237709 | ||
| 856 | 4 |
_qpdf _u |
|
| 856 | 4 |
_qpdf _u |
|
| 942 |
_cKNG _n0 _09 |
||
| 944 |
_aCR _c17.01.2008 _kЛюдмила_Стоянова |
||
| 944 |
_aED _c25.10.2008 _k |
||
| 999 |
_c76042 _d76042 |
||